Library Banner

Urban intelligence and applications : (Record no. 122318)

MARC details
000 -LEADER
fixed length control field 00500nam a22001697a 4500
005 - DATE AND TIME OF LATEST TRANSACTION
control field 20210521162651.0
008 - FIXED-LENGTH DATA ELEMENTS--GENERAL INFORMATION
fixed length control field 210521b ||||| |||| 00| 0 eng d
020 ## - INTERNATIONAL STANDARD BOOK NUMBER
International Standard Book Number 9783030450984
040 ## - CATALOGING SOURCE
Transcribing agency PK-LaUMT
082 ## - DEWEY DECIMAL CLASSIFICATION NUMBER
Classification number 711.4
Item number URB-
245 ## - TITLE STATEMENT
Title Urban intelligence and applications :
Remainder of title proceedings of ICUIA 2019 /
Statement of responsibility, etc edited by Xiaohui Yuan and Mohamed Elhoseny
260 ## - PUBLICATION, DISTRIBUTION, ETC. (IMPRINT)
Place of publication, distribution, etc Switzerland :
Name of publisher, distributor, etc Springer,
Date of publication, distribution, etc 2020
300 ## - PHYSICAL DESCRIPTION
Extent 252 p.
650 ## - SUBJECT ADDED ENTRY--TOPICAL TERM
Topical term or geographic name as entry element Urban geography
650 ## - SUBJECT ADDED ENTRY--TOPICAL TERM
Topical term or geographic name as entry element Smart cities
942 ## - ADDED ENTRY ELEMENTS (KOHA)
Koha item type Books
Holdings
Withdrawn status Lost status Damaged status Home library Current library Date acquired Full call number Barcode Date last seen Price effective from Koha item type
      UMT Main Campus UMT Main Campus 2021-05-21 711.4 URB- 137591 2021-05-21 2021-05-21 Books